000 00786cab a22001935a 4500
001 L157374
008 121119e2012 xxk 000 0 eng d
035 _a(Sirsi) u157374
041 0 _aeng
110 2 _aProperty Week
_91549
245 0 0 _aCBRE storms ahead of pack in offices and retail sectors
260 _c2012
490 0 _aProperty Week
_v78(44) 2 November 2012, 40-41(2)
520 _aThe Q3 2012 PropertyData agency league tables show CBRE leading in the office and retail sectors but Jones Lang LaSalle still ruling supreme in industrial property. Tables cover the top 20 agencies in Q3 2012 and Q3 2011 in the all property, offices, retail, and industrial categories.
590 _aKA
651 4 _aUnited Kingdom
690 _aCommercial property
_96227
942 _n0
999 _c84361
_d84361